Effect of using fresh water fish in concentrate feed on growth performance of hybrid chicken in animal experimental station at royal university of agriculture, (ឥទ្ធិពលនៃការប្រើប្រាស់ត្រីទឹកសាបជាចំណីផ្សំទៅលើការលូតលាស់របស់មាន់កូនកាត់ នៅស្ថានីយ៍ពិសោធន៍សត្វ​ នៃសាកលវិទ្យាល័យភូមិន្ទកសិកម្ម) (Record no. 2698)

000 -LEADER
fixed length control field 00884nam a22001337a 4500
040 ## - CATALOGING SOURCE
Transcribing agency RUA
082 ## - DEWEY DECIMAL CLASSIFICATION NUMBER
Classification number AVM BUN 2013 B107 Or.1
100 ## - MAIN ENTRY--AUTHOR NAME
Personal name BUN CHHUNY
245 ## - TITLE STATEMENT
Title Effect of using fresh water fish in concentrate feed on growth performance of hybrid chicken in animal experimental station at royal university of agriculture, (ឥទ្ធិពលនៃការប្រើប្រាស់ត្រីទឹកសាបជាចំណីផ្សំទៅលើការលូតលាស់របស់មាន់កូនកាត់ នៅស្ថានីយ៍ពិសោធន៍សត្វ​ នៃសាកលវិទ្យាល័យភូមិន្ទកសិកម្ម)
260 ## - PUBLICATION, DISTRIBUTION, ETC. (IMPRINT)
Place of publication Phnom Penh
Name of publisher Rua
Year of publication 2013
300 ## - PHYSICAL DESCRIPTION
Number of Pages x; 55p.
Other physical details ill.
Dimensions 29cm.
856 ## - ELECTRONIC LOCATION AND ACCESS
Uniform Resource Identifier https://drive.google.com/file/d/1ciq-oqPyz-XCQYt7zNjqQQ-icbmMgm4m/view?usp=sharing
942 ## - ADDED ENTRY ELEMENTS (KOHA)
Koha item type AVM
952 ## - LOCATION AND ITEM INFORMATION (KOHA)
Withdrawn status [LOCAL, KOHA] 0
952 ## - LOCATION AND ITEM INFORMATION (KOHA)
Withdrawn status [LOCAL, KOHA] 0
952 ## - LOCATION AND ITEM INFORMATION (KOHA)
Withdrawn status [LOCAL, KOHA] 0
952 ## - LOCATION AND ITEM INFORMATION (KOHA)
Withdrawn status [LOCAL, KOHA] 0
952 ## - LOCATION AND ITEM INFORMATION (KOHA)
Withdrawn status [LOCAL, KOHA] 0
952 ## - LOCATION AND ITEM INFORMATION (KOHA)
Withdrawn status [LOCAL, KOHA] 0
952 ## - LOCATION AND ITEM INFORMATION (KOHA)
Withdrawn status [LOCAL, KOHA] 0
952 ## - LOCATION AND ITEM INFORMATION (KOHA)
Withdrawn status [LOCAL, KOHA] 0
952 ## - LOCATION AND ITEM INFORMATION (KOHA)
Withdrawn status [LOCAL, KOHA] 0
Holdings
Permanent Location Date acquired Koha item type Lost status Shelving location Barcode Current Location Full call number
Library Block B2015-10-25AVM B107RUA018222Library Block BAVM BUN 2013 B107 Or.1
Library Block B2015-10-25AVM B107RUA018386Library Block BAVM BUN 2013 B107 Or.2
Library Block B2015-10-25AVM B107RUA018314Library Block BAVM BUN 2013 B107 Or.3
Library Block B2015-10-25AVM B107RUA018193Library Block BAVM BUN 2013 B107 Or.4
Library Block B2015-10-25AVM B107RUA018407Library Block BAVM BUN 2013 B107 Or.5
Library Block B2015-10-25AVM B107RUA018335Library Block BAVM BUN 2013 B107 Or.6
Library Block B2015-10-25AVM B107RUA016010Library Block BAVM BUN 2013 B107 Or.7
Library Block B2015-10-25AVM B107RUA018301Library Block BAVM BUN 2013 B107 Or.8
Library Block B2019-07-12AVM B1.230A37551Library Block BAVM BUN 2013 B1.230 Or.1
មជ្ឈមណ្ឌលឯការនៃសាកលវិទ្យាល័យភូមិន្ទកសិកម្មចំការដូង

Powered by Koha